000 00689nam a2200205 i 4500
001 133082
003 ES-MaACL
005 20250805062608.0
007 t|
008 070214s1973 sp r ||||1| spa d
100 1 _aRubert de Ventós, Xavier,
_d1939-
_9100297
245 1 0 _aUtopías de la sensualidad y métodos del sentido /
_cXavier Rubert de Ventós.
260 _aBarcelona :
_bAnagrama,
_c1973.
300 _a157 p. ;
_c18 cm.
490 1 _aCuadernos Anagrama. Serie: Filosofía ;
_v59
650 7 _aSociología
_2embne
_917195
830 0 _aCuadernos Anagrama. Serie: Filosofía ;
_v59
_9219699
852 _aES-MaACL
_jC-55772
_bR.88192
999 _c133082
_d133082